书目信息 |
| 题名: |
民用建筑暖通空调设计措施
|
|
| 作者: | 顾兴莹主编 | |
| 分册: | ||
| 出版信息: | 北京 中国建筑工业出版社 1996.02 |
|
| 页数: | 541页 | |
| 开本: | 大32开 | |
| 丛书名: | ||
| 单 册: | ||
| 中图分类: | TU83 | |
| 科图分类: | ||
| 主题词: | ||
| 电子资源: | ||
| ISBN: | 7-112-02702-0 | |
| 000 | 00488nam0 2200157 45 | |
| 001 | 0199003728 | |
| 005 | 20061225101345.81 | |
| 010 | @a7-112-02702-0@d25.00元 | |
| 100 | @a19990804d km y0chiy0120 ea | |
| 101 | 0 | @achi |
| 200 | 1 | @AMIN YONG JIAN ZHU NUAN TONG KONG DIAO SHE JI CUO SHI@FGU XING YING ZHU BIAN@a民用建筑暖通空调设计措施@f顾兴莹主编 |
| 210 | @a北京@c中国建筑工业出版社@d1996.02 | |
| 215 | @a541页@c无图表@d大32开 | |
| 690 | @aTU83 | |
| 801 | 0 | @c20061225 |
| 905 | @dTU83@eG928=2@f14 | |
| 民用建筑暖通空调设计措施/顾兴莹主编.-北京:中国建筑工业出版社,1996.02 |
| 541页:无图表;大32开 |
| ISBN 7-112-02702-0:25.00元 |
| ● |
| 相关链接 |
|
|
|
正题名:民用建筑暖通空调设计措施
索取号:TU83/G928=2
 
预约/预借
| 序号 | 登录号 | 条形码 | 馆藏地/架位号 | 状态 | 备注 |
| 1 | 25214 | 200039644 | 能源与建筑环境工程学院资料室/404自科库 16排3列6层/ [索取号:TU83/G928=2] | 在馆 | |
| 2 | 25215 | 200039662 | 能源与建筑环境工程学院资料室/404自科库 16排3列6层/ [索取号:TU83/G928=2] | 在馆 | |
| 3 | 27631 | 200038805 | 建筑库201/201建筑库 51排1列2层/ [索取号:TU83/G928=2] | 在馆 | |
| 4 | 27638 | 200038280 | 建筑库201/101建筑库 16排3列1层/ [索取号:TU83/G928=2] | 在馆 | |
| 5 | 27639 | 200040142 | 自科二线404/404自科库 15排4列6层/ [索取号:TU83/G928=2] | 在馆 | |
| 6 | 27640 | 200038761 | 建筑库201/201建筑库 51排1列2层/ [索取号:TU83/G928=2] | 在馆 | |
| 7 | 27641 | 200038191 | 自科二线404/404自科库 15排4列6层/ [索取号:TU83/G928=2] | 在馆 | |
| 8 | 28543 | 200039582 | 建筑库201/201建筑库 51排1列1层/ [索取号:TU83/G928=2] | 在馆 | |
| 9 | 28544 | 200039591 | 能源与建筑环境工程学院资料室/101建筑库 77排1列2层/ [索取号:TU83/G928=2] | 在馆 | |
| 10 | 28545 | 200039528 | 建筑库201/101建筑库 16排3列1层/ [索取号:TU83/G928=2] | 在馆 | |
| 11 | 28546 | 200039671 | 自科二线404/404自科库 15排4列6层/ [索取号:TU83/G928=2] | 在馆 | |
| 12 | 28547 | 200040507 | 建筑库201/201建筑库 51排1列1层/ [索取号:TU83/G928=2] | 在馆 | |
| 13 | 444728 | 204447287 | 能源与建筑环境工程学院资料室/ [索取号:TU83/G928=2] | 在馆 | |
| 14 | 444729 | 204447296 | 能源与建筑环境工程学院资料室/ [索取号:TU83/G928=2] | 在馆 | |
| 15 | 48771 | 200487712 | 土木与交通工程学院资料室/土木与交通学院资料室 1排1列1层/ [索取号:TU83/G928=2] | 在馆 | |
| 16 | 48772 | 200487721 | 自科二线404/404自科库 8排5列1层/ [索取号:TU83/G928=2] | 在馆 | |
| 17 | 48773 | 200487730 | 自科二线404/404自科库 15排4列6层/ [索取号:TU83/G928=2] | 在馆 |